[Event "Abruzzo Region-ch"]
[Site "Teramo"]
[Date "2011.05.21"]
[Round "1"]
[White "Paolini, Williams"]
[Black "Biagio, Angelo"]
[Result "1-0"]
[WhiteElo "1398"]
[BlackElo "1921"]
[PlyCount "79"]
[EventDate "2011.05.21"]
[EventType "swiss"]
[EventRounds "6"]
[EventCountry "ITA"]
[SourceTitle "EXT 2024"]
[Source "ChessBase"]
[SourceDate "2023.10.10"]
[SourceVersion "1"]
[SourceVersionDate "2023.10.10"]
[SourceQuality "1"]

1. d4 Nf6 2. Bg5 d6 3. Bxf6 exf6 4. e3 Nc6 5. Bd3 Bd7 6. c4 g6 7. Nf3 Bg7 8. Nc3 0-0 9. a3 Re8 10. 0-0 Ne7 11. Qc2 c6 12. Rfe1 f5 13. Rad1 a6 14. Qb3 Qc7 15. Rc1 Rad8 16. Nd2 Bc8 17. Nf3 d5 18. cxd5 Nxd5 19. Nxd5 Rxd5 20. Qxd5 Qb6 21. Qa2 h6 22. Bc4 Qc7 23. b4 Qe7 24. Qb3 b5 25. Bf1 Be6 26. Qc2 Bd5 27. Qc5 Qf6 28. Ne5 Rxe5 29. dxe5 Qxe5 30. Qa7 Qe4 31. Qxa6 Bb2 32. Rcd1 Bc3 33. Rxd5 Bxe1 34. Rd8+ Kg7 35. Qb6 Bc3 36. Qc5 Be5 37. Qf8+ Kf6 38. Rd7 f4 39. Rxf7+ Kg5 40. Qe7+ 1-0